| 000 | 01671cam a22004333a 4500 | ||
|---|---|---|---|
| 001 | 14500976 | ||
| 003 | OSt | ||
| 005 | 20140310184515.0 | ||
| 008 | 060816s2006 nyu c 000 1 eng d | ||
| 010 | _a 2006280771 | ||
| 020 | _a9780439027021 | ||
| 020 | _a0439027020 | ||
| 035 | _a(OCoLC)ocm64664383 | ||
| 040 |
_aGZG _cGZG _dBAKER _dEHH _dTXI _dIXA _dDLC |
||
| 050 | 0 | 0 |
_aPZ 7 _b.R585 2007 |
| 100 | 1 |
_aRiordan, Rick. _918585 |
|
| 245 | 1 | 4 |
_aThe sea of monsters / _cRick Riordan. |
| 250 | _a1st ed. | ||
| 260 |
_aNew York : _bMiramax Books/Hyperion Books for Children, _c2007. |
||
| 300 |
_a279 p. : _c22 cm. |
||
| 490 | 1 |
_aPercy Jackson & the Olympians ; _vbk. 2 |
|
| 521 | _aG5 | ||
| 526 | _c740 | ||
| 650 | 0 |
_aMythology, Greek _vJuvenile fiction. _923247 |
|
| 650 | 1 |
_aMythology, Greek _vFiction. _923248 |
|
| 650 | 1 |
_aCamps _vFiction. _923249 |
|
| 650 | 1 |
_aFriendship _vFiction. _923250 |
|
| 650 | 1 |
_aFathers and sons _vFiction. _923251 |
|
| 650 | 1 |
_aPoseidon (Greek deity) _vFiction. _923252 |
|
| 650 | 1 |
_aHades (Greek deity) _vFiction. _923253 |
|
| 650 | 1 |
_aZeus (Greek deity) _vFiction. _923254 |
|
| 655 | 7 |
_aFantasy fiction. _2gsafd _93053 |
|
| 800 | 1 |
_aRiordan, Rick. _tPercy Jackson & the Olympians ; _vbk. 2. _923255 |
|
| 856 | 4 | 2 |
_3Publisher description _uhttp://www.loc.gov/catdir/enhancements/fy0912/2006280771-d.html |
| 906 |
_a7 _bcbc _ccopycat _d2 _encip _f20 _gy-gencatlg |
||
| 942 |
_2lcc _cBK-SCHOLAS |
||
| 999 |
_c34933 _d34933 |
||